000 00729nam a2200217 a 4500
999 _c5106
_d5106
001 5106
003 BD-JhCC
005 20171209114111.0
008 171209s1984 ii ||||| |||| 00| 0 ben d
035 _a(BD-JhCC)5106
040 _aBD-JhCC
_dBD-JhCC
041 _aben
082 _a491.444
_bARC 1984
100 _aআচার্য, অধ্যাপক পি.
245 _aউচ্চ মাধ্যমিক বাংলা : প্রবন্ধ বিচিন্তা /
_cঅধ্যাপক পি. আচার্য
260 _aকলিকাতা :
_bবিচিন্তা ভবন,
_c1984.
300 _a164 p. :
_c22 cm.
650 _aCollection of essays
942 _2ddc
_cBK